| 000 | 00395nam a22001697a 4500 | ||
|---|---|---|---|
| 005 | 20160624114413.0 | ||
| 008 | 160624b xxu||||| |||| 00| 0 eng d | ||
| 020 | _a0333-93005-3 | ||
| 041 | _aeng | ||
| 082 | _b9504 | ||
| 100 |
_aMahela mann, Nan _92643 |
||
| 245 | _aProduction and Operations Mgt. | ||
| 260 |
_bMac Millan _c1998 |
||
| 300 | _a558 | ||
| 650 |
_aManagement _9241 |
||
| 942 | _cBK | ||
| 999 |
_c3796 _d3795 |
||